书目信息 |
| 题名: |
中外名曲赏析
|
|
| 作者: | 李茵 , 罗金燕 编著 | |
| 分册: | ||
| 出版信息: | 广州 华南理工大学出版社 1998.04 |
|
| 页数: | 273页 | |
| 开本: | 32开 | |
| 丛书名: | ||
| 单 册: | ||
| 中图分类: | J605 | |
| 科图分类: | ||
| 主题词: | 音乐--艺术理论 , 音乐学 , 音乐社会学 | |
| 电子资源: | ||
| ISBN: | 7-5623-1242-7 | |
| 000 | 00643nam0 2200229 45 | |
| 001 | 0007160183 | |
| 005 | 20010327102546.4 | |
| 010 | @a7-5623-1242-7@d13.80元 | |
| 100 | @a20000716d1998 km y0chiy0120 ea | |
| 101 | 0 | @achi |
| 105 | @a z 000yy | |
| 200 | 1 | @a中外名曲赏析@AZhong Wai Ming Qu Shang Xi@f李茵,罗金燕编著@FLi Yin,Luo Jin Yan Bian Zhu |
| 210 | @a广州@c华南理工大学出版社@d1998.04 | |
| 215 | @a273页@d32开 | |
| 606 | 0 | @a音乐@x艺术理论 |
| 606 | 0 | @a音乐学 |
| 606 | 0 | @a音乐社会学 |
| 690 | @aJ605@v3 | |
| 701 | 0 | @a李茵@4编著 |
| 701 | 0 | @a罗金燕@4编著 |
| 801 | @aCN@bPftUser@c20000716 | |
| 905 | @dJ605@eL.491@b332584-585@f2 | |
| 中外名曲赏析/李茵,罗金燕编著.-广州:华南理工大学出版社,1998.04 |
| 273页;32开 |
| ISBN 7-5623-1242-7:13.80元 |
| ● |
| 相关链接 |
|
|
|
正题名:中外名曲赏析
索取号:J605/L.491
 
预约/预借
| 序号 | 登录号 | 条形码 | 馆藏地/架位号 | 状态 | 备注 |
| 1 | 332584 | 203325847 | 社科库309/309社科库 91排1列4层/ [索取号:J605/L.491] | 在馆 | |
| 2 | 332585 | 203325856 | 社科库309/309社科库 91排1列4层/ [索取号:J605/L.491] | 在馆 |